000 01763cam a22004694i 4500
003 PE-LiUPU
005 20250731173305.0
008 150625s1995 sp rb 000 0 spa d
020 _a8481640379
035 _a(Sirsi) i9788481640373
040 _aPE-LiUPU
_bspa
_cPE-LiUPU
_erda
049 _aPRUA
082 0 4 _a261.26
_bV63
_221
100 1 _aVidal Manzanares, César,
_d1958,
_eautor.
245 1 3 _aEl judeo-cristianismo palestino en el siglo I :
_bde pentecostés a Jamnia /
_cCésar Vidal Manzanares.
264 1 _aMadrid :
_bTrotta,
_c1995.
300 _a414 páginas ;
_c23 centímetros.
336 _atext
_2rdacontent
337 _aunmediated
_2rdamedia
338 _avolume
_2rdacarrier
490 0 _aColección Paradigmas. Biblioteca de ciencias de las religiones ;
_v5
504 _aInclluye referencias bibliográficas.
505 0 _aFuentes. -Historia, Sociedad e Instituciones del Judeo-Cristianismo Palestino. -La Ideología del Judeo-Cristianismo Palestino en el siglo I.
526 _aSEG42
526 _aSEG41
526 _aSEG40
526 _aSEG39
526 _aP94
526 _aP87
526 _aP86
526 _aP85
526 _aP77
526 _aP76
526 _aP35
541 _g007-0017628;
650 0 4 _aCristianismo
_zPalestina
_ySiglo I.
942 _2ddc
_cBOOK
949 _a261.26 V63
_wDEWEY
_c1
_i55894
_lCCODEBUL1
_mBUL
_p28.00
_r0
_sY
_tBOOK
_u2015-6-25
_xTEOLOGIA
_zUNKNOWN
_0COMPRA
_o.STAFF. Colección Teología
994 _aC0
_bPEPRU
596 _a1
999 _a261.26 V63
_wDEWEY
_c44731
_i55894
_d44731
_e2017-11-19
_f2021-11-10
_g5
_lCCODEBUL1
_mBUL
_n1
_p28.00
_q2
_r0
_sY
_tBOOK
_u2015-6-25
_xTEOLOGIA
_PP35
_0COMPRA
_o.STAFF. Colección Teología
980 _81
_gALBERTO SANCHEZ Responsable de Automatización